MI AMOR / (Record no. 177136)
[ view plain ]
| 000 -LEADER | |
|---|---|
| fixed length control field | 00966aam a2200337 i 4500 |
| 001 - CONTROL NUMBER | |
| control field | vtls000874693 |
| 003 - CONTROL NUMBER IDENTIFIER | |
| control field | PNM |
| 005 - DATE AND TIME OF LATEST TRANSACTION | |
| control field | 20200514091306.0 |
| 008 - FIXED-LENGTH DATA ELEMENTS--GENERAL INFORMATION | |
| fixed length control field | 190415s2019 my g 000 f may |
| 015 ## - NATIONAL BIBLIOGRAPHY NUMBER | |
| National bibliography number | M19-04178 |
| 020 ## - INTERNATIONAL STANDARD BOOK NUMBER | |
| International Standard Book Number | 9789671692806 |
| Qualifying information | paperback |
| Terms of availability | RM 38.00 |
| 039 #9 - LEVEL OF BIBLIOGRAPHIC CONTROL AND CODING DETAIL [OBSOLETE] | |
| Level of rules in bibliographic description | 201905140903 |
| Level of effort used to assign nonsubject heading access points | siti |
| Level of effort used to assign subject headings | 201905131622 |
| Level of effort used to assign classification | kalthom |
| Level of effort used to assign subject headings | 201904151009 |
| Level of effort used to assign classification | ben |
| 040 ## - CATALOGING SOURCE | |
| Original cataloging agency | BNM |
| Language of cataloging | eng |
| Transcribing agency | BNM |
| Description conventions | rda |
| Modifying agency | PPAK |
| 049 ## - LOCAL HOLDINGS (OCLC) | |
| Holding library | mal |
| 082 04 - DEWEY DECIMAL CLASSIFICATION NUMBER | |
| Classification number | 899.2333 |
| Edition number | 23 |
| 090 00 - LOCALLY ASSIGNED LC-TYPE CALL NUMBER (OCLC); LOCAL CALL NUMBER (RLIN) | |
| Classification number (OCLC) (R) ; Classification number, CALL (RLIN) (NR) | 899.2333 |
| Feature heading | NUR |
| Feature heading | G |
| 100 0# - MAIN ENTRY--PERSONAL NAME | |
| Personal name | Nuriffa, |
| Relator term | author. |
| 245 10 - TITLE STATEMENT | |
| Title | MI AMOR / |
| Statement of responsibility, etc. | Nuriffa ; Editor : Nur Atikah |
| 264 #1 - PRODUCTION, PUBLICATION, DISTRIBUTION, MANUFACTURE, AND COPYRIGHT NOTICE | |
| Place of production, publication, distribution, manufacture | Melaka : |
| Name of producer, publisher, distributor, manufacturer | NUR AFIFAH BINTI MOHD YUSOF, |
| Date of production, publication, distribution, manufacture, or copyright notice | [2019?] |
| 300 ## - PHYSICAL DESCRIPTION | |
| Extent | 606 pages ; |
| Dimensions | 18 cm |
| 336 ## - CONTENT TYPE | |
| Content type term | text |
| Source | rdacontent |
| 337 ## - MEDIA TYPE | |
| Media type term | unmediated |
| Source | rdamedia |
| 338 ## - CARRIER TYPE | |
| Carrier type term | volume |
| Source | rdacarrier |
| 650 14 - SUBJECT ADDED ENTRY--TOPICAL TERM | |
| Topical term or geographic name entry element | Malaysian fiction (Malay) |
| Topical term or geographic name entry element | Malay fiction |
| 700 0# - ADDED ENTRY--PERSONAL NAME | |
| Personal name | Nur Atikah, |
| Relator term | editor. |
| 942 ## - ADDED ENTRY ELEMENTS (KOHA) | |
| Source of classification or shelving scheme | Dewey Decimal Classification |
| Koha item type | Book |
| 949 ## - LOCAL PROCESSING INFORMATION (OCLC) | |
| 6 | 2000672167 |
| 6 | 2000672166 |
| 6 | 2000672165 |
| Withdrawn | Not for loan | Current library | Shelving location | Date acquired | Total Checkouts | Total Renewals | Full call number | Barcode | Date last seen | Date last checked out | Koha item type | Checked out |
|---|---|---|---|---|---|---|---|---|---|---|---|---|
| Perpustakaan Alor Setar | Pinjaman Dewasa | 25/06/2020 | 10 | 3 | 899.2333 NUR | A01644542 | 26/07/2025 | 05/07/2025 | Book | |||
| Perpustakaan Alor Setar | Pinjaman Dewasa | 25/06/2020 | 13 | 1 | 899.2333 NUR | A01644543 | 24/05/2025 | 08/05/2025 | Book | |||
| Perpustakaan Awam Sungai Petani | Pinjaman Dewasa | 25/06/2020 | 9 | 2 | 899.2333 NUR | A01644544 | 24/11/2025 | 13/10/2025 | Book | |||
| Perpustakaan Baling | Pinjaman Dewasa | 25/06/2020 | 23 | 5 | 899.2333 NUR | A01644548 | 21/10/2025 | 11/10/2025 | Book | |||
| Perpustakaan Bandar Baharu | Pinjaman Dewasa | 25/06/2020 | 899.2333 NUR | A01644549 | 25/06/2020 | Book | ||||||
| Perpustakaan Jitra | Pinjaman Dewasa | 25/06/2020 | 9 | 2 | 899.2333 NUR | A01644545 | 23/07/2024 | 06/07/2024 | Book | |||
| Perpustakaan Kuala Nerang | Pinjaman Dewasa | 25/06/2020 | 4 | 1 | 899.2333 NUR | A01644553 | 03/09/2025 | 17/08/2025 | Book | |||
| Perpustakaan Kulim | Pinjaman Dewasa | 25/06/2020 | 11 | 3 | 899.2333 NUR | A01644547 | 02/06/2024 | 02/06/2024 | Book | 23/06/2024 | ||
| Perpustakaan Langkawi | Pinjaman Dewasa | 25/06/2020 | 7 | 3 | 899.2333 NUR | A01644546 | 09/05/2024 | 23/04/2024 | Book | |||
| Perpustakaan Merbok | Pinjaman Dewasa | 25/06/2020 | 5 | 1 | 899.2333 NUR | A01644550 | 13/12/2022 | 13/12/2022 | Book | 03/01/2023 | ||
| Perpustakaan Sik | Pinjaman Dewasa | 25/06/2020 | 18 | 899.2333 NUR | A01644552 | 28/08/2025 | 12/08/2025 | Book | ||||
| Perpustakaan Yan | Pinjaman Dewasa | 25/06/2020 | 8 | 2 | 899.2333 NUR | A01644551 | 20/03/2024 | 07/02/2024 | Book | |||
| Bergerak 1, Alor Setar | Pinjaman Dewasa | 25/06/2020 | 899.2333 NUR | A01644555 | 25/06/2020 | Book | ||||||
| Bergerak 3, Baling | Pinjaman Dewasa | 25/06/2020 | 899.2333 NUR | A01644556 | 25/06/2020 | Book | ||||||
| Bergerak 4, Sungai Petani | Pinjaman Dewasa | 25/06/2020 | 899.2333 NUR | A01644557 | 25/06/2020 | Book | ||||||
| Bergerak 5, Kulim | Pinjaman Dewasa | 25/06/2020 | 899.2333 NUR | A01644558 | 25/06/2020 | Book | ||||||
| PD01, Kg. Bendang Raja, Kuala Nerang | Pinjaman Dewasa | 25/06/2020 | 899.2333 NUR | A01644559 | 25/06/2020 | Book | ||||||
| PD02, Kg. Banggol Besi, Pendang | Pinjaman Dewasa | 25/06/2020 | 899.2333 NUR | A01644560 | 25/06/2020 | Book | ||||||
| PD03, Kg. Pulau Pisang, Jitra | Pinjaman Dewasa | 25/06/2020 | 899.2333 NUR | A01644561 | 25/06/2020 | Book |